|
|
|
|
| LEADER |
00000nam a22000007a 4500 |
| 005 |
20151109115510.0 |
| 007 |
hz|||| ||u| |
| 008 |
151109s19982012si z||pos|||| 0|||a1eng d |
| 022 |
|
|
|a 0129-797X
|
| 035 |
|
|
|a 2849
|
| 040 |
|
|
|a vLex
|
| 090 |
|
|
|c 5682
|d 5682
|
| 245 |
1 |
0 |
|a Contemporary Southeast Asia
|h [Recurso electrn̤ico] /
|c Institute of Southeast Asian Studies (ISEAS)
|
| 256 |
|
|
|a Servicio en ln̕ea
|
| 260 |
|
|
|a Estados Unidos
|b Institute of Southeast Asian Studies (ISEAS) ISSN 0129-797X
|c 1998-2012
|
| 300 |
|
|
|a 1 recurso electrn̤ico
|
| 506 |
1 |
|
|a Contenido solo disponible en los productos indicados
|d vLex Global
|d vLex Global (Academic Edition, excluding Law Schools)
|d vLex Global (U.S. Academic Edition, Law Schools)
|d vLex Global (U.S. Academic Edition, excluding Law Schools)
|d vLex Global (Academic Edition, Law Schools)
|
| 650 |
0 |
4 |
|a Sud- este Asit̀ico
|z ℓsia
|
| 740 |
0 |
|
|a vLex revista (servicio en ln̕ea)
|
| 856 |
4 |
0 |
|u http://vlex.com/source/contemporary-southeast-asia-2849
|z Acceso restringido
|
| 942 |
|
|
|c REV
|
| 999 |
0 |
|
|a Southeast Asia
|